=LDR 00000nam 2200000 4500 =001 INLIS000000000051415 =990 ##$$a 21703393 =005 20170915022009 =990 ##$$a 21703395 =035 ##$$a 0010-0917000219 =990 ##$$a 21703394 =007 ta =990 ##$$a 21703392 =008 170915###########################0###### =990 ##$$a 21703391 =020 ##$$a 978-602-17241-1-8 =082 ##$$a 372.126 =084 ##$$a 372.126 RIZ l =100 #$$a Rizki Oktariani =245 1#$$a Libas Habis Soallangan Harian, UTS & UAS : di Lengkapi Ringkasa Materi, Pembahasan & Kunci Jawaban untuk Kelas 4 SD /$c Rizki Okatiani =260 ##$$a Yogyakarta :$b Trans idea publishing,$c 2013 =300 ##$$a 450 hlm : $b ilus. ; $c 24 cm =650 ##$$a Pendidikan Dasar-Latihan =700 #$$a Eka Sumaryati, Iben Zani Hastumi =504 ##$$a Bibliografi : Hlm. 443-447 =520 ##$$a Biografi ; Hlm 449-450 =990 ##$$a 1119211192 =990 ##$$a 1119211192 =990 ##$$a 1119211192 =990 ##$$a 1119211192 =990 ##$$a 1119211192 =990 ##$$a 21703391 =990 ##$$a 01201711192 =990 ##$$a 01201711193 =990 ##$$a 01201711194 =990 ##$$a 01201711195 =990 ##$$a 21703392 =990 ##$$a 01201711192 =990 ##$$a 01201711193 =990 ##$$a 01201711194 =990 ##$$a 21703391 =990 ##$$a 21703393 =990 ##$$a 01201711192 =990 ##$$a 01201711193 =990 ##$$a 21703392 =990 ##$$a 21703391 =990 ##$$a 21703394 =990 ##$$a 01201711192 =990 ##$$a 21703393 =990 ##$$a 21703392 =990 ##$$a 21703391 =990 ##$$a 21703395 =990 ##$$a 21703394 =990 ##$$a 21703393 =990 ##$$a 21703392 =990 ##$$a 21703391